Homenaje a Jorge Fegan; (Registro nro. 581)
[ vista simple ]
| 000 -LEADER | |
|---|---|
| campo de control de longitud fija | 00969ngm a2200217Ia 4500 |
| 001 - NÚMERO DE CONTROL | |
| campo de control | CINE00576 |
| 003 - IDENTIFICADOR DE NÚMERO DE CONTROL | |
| campo de control | EcQuCN |
| 005 - FECHA Y HORA DE LA ÚLTIMA TRANSACCIÓN | |
| campo de control | 20240205095520.0 |
| 006 - CÓDIGOS DE INFORMACIÓN DE LONGITUD FIJA--CARACTERÍSTICAS DEL MATERIAL ADICIONAL | |
| campo de control de longitud fija | a||||gr|||| 00| mz |
| 007 - CAMPO FIJO DE DESCRIPCIÓN FÍSICA--INFORMACIÓN GENERAL | |
| campo de control de longitud fija | mc nfubzzgazauz|c201508 |
| 008 - DATOS DE LONGITUD FIJA--INFORMACIÓN GENERAL | |
| campo de control de longitud fija | 150827s ec ||||g |||| 00| mzspa d |
| 040 ## - FUENTE DE CATALOGACIÓN | |
| Centro catalogador/agencia de origen | EcQuCN |
| 084 ## - OTRO NÚMERO DE CLASIFICACIÓN | |
| Número de clasificación | VHSER0059.1 - DVDER932.1 |
| 245 10 - MENCIÓN DEL TÍTULO | |
| Título | Homenaje a Jorge Fegan; |
| Mención de responsabilidad, etc. | Producida por: programa tras cámara |
| 260 ## - PUBLICACIÓN, DISTRIBUCIÓN, ETC. | |
| Lugar de publicación, distribución, etc. | Quito |
| Nombre del editor, distribuidor, etc. | Cinemateca Nacional |
| 300 ## - DESCRIPCIÓN FÍSICA | |
| Extensión | 9 minutos. 20 segundos. |
| 520 1# - RESUMEN, ETC. | |
| Sumario, etc. | Documental realizado en el homenaje ofrecido en la sala de cine Alfredo Pareja al desaparecido actor ecuatoriano Jorge Fegan, radicado en México y que protagonizó la película Rojo amanecer. Entrevistas a Totty Rodriguez, Rafael Pérez, Paul Ferret, Raúl Guarderas, Magdalena Fegan, Ulises Estrella, entre otros. Fegan apareció en las primeras producciones de televisión en Ecuador. |
| 650 #4 - PUNTO DE ACCESO ADICIONAL DE MATERIA--TÉRMINO DE MATERIA | |
| Término de materia o nombre geográfico como elemento de entrada | HISTORIA |
| 700 1# - ENTRADA AGREGADA--NOMBRE PERSONAL | |
| Nombre de persona | Programa tras camaras |
| Término indicativo de función/relación | productor |
| 942 ## - ELEMENTOS DE ENTRADA SECUNDARIOS (KOHA) | |
| Fuente del sistema de clasificación o colocación | Otra/Esquema de Clasificación Genérico |
| Tipo de ítem Koha | Casete VHS |
| Estatus | Estado de pérdida | Fuente del sistema de clasificación o colocación | Estado de daño | No para préstamo | Código de colección | Biblioteca de origen | Biblioteca actual | Fecha de adquisición | Fuente de adquisición | Total de préstamos | Código de barras | Visto por última vez | Copia número | Precio de reemplazo | Nota no pública | Signatura topográfica completa | Tipo de ítem Koha |
|---|---|---|---|---|---|---|---|---|---|---|---|---|---|---|---|---|---|
| Otra/Esquema de Clasificación Genérico | F. General | Biblioteca Cinemateca | Biblioteca Cinemateca | 2015-08-27 | Cinemateca Nacional | CN-0576 | 2015-08-27 | Ej.1 | 2023-02-21 | Migración | VHSER0059.1 - DVDER932.1 | Casete VHS |
